<?xml version="1.0" encoding="UTF-8"?>
<record
    xmlns:xsi="http://www.w3.org/2001/XMLSchema-instance"
    xsi:schemaLocation="http://www.loc.gov/MARC21/slim http://www.loc.gov/standards/marcxml/schema/MARC21slim.xsd"
    xmlns="http://www.loc.gov/MARC21/slim">

  <leader>00598nam a22001937a 4500</leader>
  <controlfield tag="005">20221010114628.0</controlfield>
  <controlfield tag="008">221010b           ||||| |||| 00| 0 eng d</controlfield>
  <datafield tag="020" ind1=" " ind2=" ">
    <subfield code="a">9789382267164</subfield>
  </datafield>
  <datafield tag="040" ind1=" " ind2=" ">
    <subfield code="a">IN-DiNC</subfield>
    <subfield code="c">IN-DiNC</subfield>
  </datafield>
  <datafield tag="041" ind1=" " ind2=" ">
    <subfield code="d">eng</subfield>
  </datafield>
  <datafield tag="082" ind1=" " ind2=" ">
    <subfield code="a">821</subfield>
    <subfield code="b">WAR</subfield>
  </datafield>
  <datafield tag="245" ind1=" " ind2=" ">
    <subfield code="a">Warble of postcolonial voices:</subfield>
    <subfield code="b">an anthology of short stories and poems (V.2, Poems)/</subfield>
    <subfield code="c">edited by Someshwar Sati</subfield>
  </datafield>
  <datafield tag="250" ind1=" " ind2=" ">
    <subfield code="a">2nd rev. ed.</subfield>
    <subfield code="b">V. 2: poems</subfield>
  </datafield>
  <datafield tag="260" ind1=" " ind2=" ">
    <subfield code="a">Delhi:</subfield>
    <subfield code="b">Worldview publications,</subfield>
    <subfield code="c">2018.</subfield>
  </datafield>
  <datafield tag="300" ind1=" " ind2=" ">
    <subfield code="a">xlvii, 532p.</subfield>
  </datafield>
  <datafield tag="650" ind1=" " ind2=" ">
    <subfield code="a">Anthology of poems</subfield>
  </datafield>
  <datafield tag="700" ind1=" " ind2=" ">
    <subfield code="a">Sati, Someshwar</subfield>
    <subfield code="e">Editor</subfield>
  </datafield>
  <datafield tag="942" ind1=" " ind2=" ">
    <subfield code="2">ddc</subfield>
    <subfield code="c">BK</subfield>
  </datafield>
  <datafield tag="999" ind1=" " ind2=" ">
    <subfield code="c">11418</subfield>
    <subfield code="d">11418</subfield>
  </datafield>
  <datafield tag="952" ind1=" " ind2=" ">
    <subfield code="0">0</subfield>
    <subfield code="1">0</subfield>
    <subfield code="2">ddc</subfield>
    <subfield code="4">0</subfield>
    <subfield code="7">0</subfield>
    <subfield code="8">ENG</subfield>
    <subfield code="a">MAIN</subfield>
    <subfield code="b">MAIN</subfield>
    <subfield code="c">GEN</subfield>
    <subfield code="d">2022-10-10</subfield>
    <subfield code="g">295.00</subfield>
    <subfield code="l">0</subfield>
    <subfield code="o">821 WAR</subfield>
    <subfield code="p">28987</subfield>
    <subfield code="r">2022-10-10 00:00:00</subfield>
    <subfield code="t">1</subfield>
    <subfield code="w">2022-10-10</subfield>
    <subfield code="y">BK</subfield>
  </datafield>
  <datafield tag="952" ind1=" " ind2=" ">
    <subfield code="0">0</subfield>
    <subfield code="1">0</subfield>
    <subfield code="2">ddc</subfield>
    <subfield code="4">0</subfield>
    <subfield code="7">0</subfield>
    <subfield code="8">ENG</subfield>
    <subfield code="a">MAIN</subfield>
    <subfield code="b">MAIN</subfield>
    <subfield code="c">GEN</subfield>
    <subfield code="d">2022-10-10</subfield>
    <subfield code="g">295.00</subfield>
    <subfield code="l">0</subfield>
    <subfield code="o">821 WAR</subfield>
    <subfield code="p">28988</subfield>
    <subfield code="r">2022-10-10 00:00:00</subfield>
    <subfield code="t">2</subfield>
    <subfield code="w">2022-10-10</subfield>
    <subfield code="y">BK</subfield>
  </datafield>
</record>
